[Event "ROM-ch U18"]
[Site "Baile Felix"]
[Date "2017.02.07"]
[Round "7"]
[White "Raducu, Vlad Rares"]
[Black "Banzea, Alexandru Bogdan"]
[Result "0-1"]
[WhiteElo "1118"]
[BlackElo "2245"]
[PlyCount "42"]
[EventDate "2017.02.02"]
[EventType "swiss"]
[EventRounds "9"]
[EventCountry "ROU"]
[SourceTitle "CBM 176 Extra"]
[Source "ChessBase"]
[SourceDate "2017.03.02"]
[SourceVersion "1"]
[SourceVersionDate "2017.03.02"]
[SourceQuality "1"]

1. e4 c5 2. Nc3 a6 3. f4 b5 4. Nf3 Bb7 5. d3 e6 6. Be2 d5 7. 0-0 b4 8. Nb1 dxe4 9. Ne5 Nf6 10. Nd2 exd3 11. Bxd3 Be7 12. Ndc4 Nc6 13. Qe1 g6 14. Be3 Nd5 15. Bf2 0-0 16. Be4 Qc7 17. Be3 Rad8 18. Nxc6 Bxc6 19. Ne5 Bb5 20. Rf2 Nxe3 21. Qxe3 c4 0-1